| 000 | 00718nam a2200181 4500 | ||
|---|---|---|---|
| 001 | 127244 | ||
| 003 | ES-MaACL | ||
| 005 | 20230906192955.0 | ||
| 007 | t| | ||
| 008 | 070214s1961 sp r ||||1| spa d | ||
| 100 | 1 |
_aRico García, Manuel. _997023 |
|
| 245 | 1 | 0 |
_aBosquejo histórico de la imprenta en Alicante en el siglo XIX / _cManuel Rico García ; edición recopilada por Vicente Martínez Morellá. |
| 260 |
_aAlicante : _bComisión Provincial de Monumentos Históricos y Artísticos, _c1961. |
||
| 300 |
_a320 p. ; _c21 cm. |
||
| 700 | 1 |
_aMartínez Morellá, Vicente. _978260 |
|
| 710 | 2 |
_aComisión Provincial de Monumentos Históricos y Artísticos (Alicante) _93061 |
|
| 852 |
_aES-MaACL _jC-19782 _bR.47557 |
||
| 999 |
_c127244 _d127244 |
||